[Event "World-ch Carlsen-Anand +3-1=7"]
[Site "Sochi"]
[Date "2014.11.11"]
[Round "3"]
[White "Anand, Viswanathan"]
[Black "Carlsen, Magnus"]
[Result "1-0"]
[WhiteElo "2792"]
[BlackElo "2863"]
[Annotator "Krasenkow,Michal"]
[PlyCount "67"]
[EventDate "2014.11.08"]
[EventType "match"]
[EventRounds "12"]
[EventCountry "RUS"]
[SourceTitle "CBM 164"]
[Source "ChessBase"]
[SourceDate "2015.01.15"]
[SourceVersion "1"]
[SourceVersionDate "2015.01.15"]
[SourceQuality "1"]

1. d4 {[%emt 0:00:04]} Nf6 {[%emt 0:00:07]} 2. c4 {[%emt 0:00:05]} e6 {[%emt 0:00:08]} 3. Nf3 {[%emt 0:00:05]} d5 {[%emt 0:00:10]} 4. Nc3 {[%emt 0:00:06]} Be7 {[%emt 0:00:07]} 5. Bf4 {[%emt 0:00:08]} O-O {[%emt 0:00:18]} 6. e3 {[%emt 0:00:04]} Nbd7 {[%emt 0:00:15]} 7. c5 {[%emt 0:00:16]} c6 {[%emt 0:00:48]} 8. Bd3 {[%emt 0:00:27]} (8. h3 {has gone out of fashion recently as after} b6 9. b4 a5 10. a3 {Black can play} Bb7 ({or even} 10... h6) ({instead of the direct} 10... Ba6 {, which allows White to save a tempo by taking on a6 in one go}) 11. Bd3 Qc8 {- see Kasimdzhanov-Jakovenko in CBM 132 and Grischuk-Wang Hao in CBM 139.}) 8... b6 {[%emt 0:00:15]} 9. b4 {[%emt 0:00:09]} a5 {[%emt 0:00:14]} 10. a3 {[%emt 0:00:07]} Ba6 {[%emt 0:03:31]} 11. Bxa6 {[%emt 0:00:41] A principled continuation although the quiet} (11. O-O {is more common.}) 11... Rxa6 {[%emt 0:00:07]} 12. b5 $1 {[%emt 0:00:34]} cxb5 {[%emt 0:00:05]} 13. c6 {[%emt 0:00:05]} Qc8 $1 {[%emt 0:00:05]} (13... b4 $2 14. Nb5 bxa3 15. cxd7 Bb4+ 16. Ke2 Qxd7 17. Qd3 $16 {1-0 (33) Olafsson,H (2521)-Al Tamimi,H (2290) Turin 2006}) 14. c7 {[%emt 0:00:06]} (14. Nxb5 Qxc6 15. Nc7 Ra7 16. Rc1 Qb7 17. Qa4 (17. a4 Bb4+ 18. Ke2 Rc8 19. Qd3 Nh5 20. Nb5 Nxf4+ 21. exf4 Raa8 $17 {1-0 (47) Efimov,I (2520)-Costantini,R (2233) Reggio Emilia 2000}) 17... b5 (17... Rc8 $5 18. O-O Nf8 {[%cal Yf8g6]}) 18. Nxb5 Nb6 19. Qb3 Nc4 20. a4 Bb4+ 21. Ke2 Raa8 22. Ne5 Rfc8 23. f3 Nxe5 24. Bxe5 Ne8 $11 {1/2 (29) Rojas Keim,L (2408)-Ryan,J (2263) Montcada i Reixac ESP 2014}) 14... b4 $1 {[%emt 0:00:33]} 15. Nb5 {[%emt 0:00:28] This sequence of moves has been analysed more deeply with White's pawn on h3 (8.h3 instead of 8.d3), which is considered more favourable for White as his bishop can retreat to h2, avoiding an exchange if necessary. However, Vishy Anand and his team have proven that this version is not so harmless either.} a4 {[%emt 0:02:57]} (15... bxa3 16. O-O Nh5 (16... a4 17. Qc2 Ra5 $6 {1/2 (26) Kveinys,A (2510)-Halkias,S (2548) Gothenburg 2005} 18. Bd6 $1 Rxb5 19. Bxe7 Re8 20. Bxa3 $36 {[%csl Gc7]}) 17. Qc2 Nxf4 18. exf4 Qb7 19. Ne5 $36 Nc5 20. dxc5 bxc5 21. Rfb1 (21. Nd7 $5 Re8 22. Qa4 $16) 21... c4 22. Nd7 Rfa8 23. Qa4 h6 24. h3 Qc8 25. Nb8 Rb6 $13 {1/2 (32) Sedlak,N (2557)-Pavlovic,M (2534) Vrnjacka Banja 2010}) (15... Ne4 16. O-O (16. a4 Nc3 17. Qd3 Ra8 18. Nxc3 bxc3 19. O-O Bb4 20. Qb5 Ra7 21. Ne1 Nf6 22. Nd3 Nh5 $13 {1/2 (48) Rusev,K (2543)-Stoinev,M (2295) Albena 2010}) 16... bxa3 17. Qa4 (17. Qc2 $44 a4 $5 {a5, R.Dautov}) 17... g5 18. Bg3 g4 $1 19. Ne1 Nd2 20. Qd1 Nxf1 21. Qxg4+ Kh8 22. Kxf1 Ra8 (22... a4 {[%cal Ya6a5] R.Dautov} 23. Qe2 Ra5 24. Nd6 Bxd6 25. Bxd6 Rg8 26. Nd3 $44) 23. Nc2 Qa6 24. Qe2 Rg8 25. Ncxa3 $44 {1-0 (50) Karpov,A (2693)-Georgiev,K (2655) Dubai 2002 CBM 089 [Dautov]}) 16. Rc1 {[%emt 0:06:00]} Ne4 {[%emt 0:02:02]} 17. Ng5 $5 {[%emt 0:01:47] This tactical trick restricts Black's possibilities compared to} (17. Nd2 e5 (17... Nc3 18. Nxc3 bxc3 19. Rxc3 b5 20. O-O Nb6 {1/2 (67) Villuendas Valero,A (2176)-Labena Bernal,A (2003) Pamplona 2006} 21. Qg4 $5 $36) 18. Nxe4 (18. dxe5 Ndc5 {[%cal Rc5d3]}) 18... dxe4 19. Bxe5 Nxe5 20. dxe5 Bc5 21. Qd5 bxa3 22. O-O {0-1 (36) Jendrichovsky,P (2147)-Goumas,G (2315) Fermo 2009} Ra5 $13) 17... Ndf6 {[%emt 0:32:33]} ({Here} 17... e5 18. dxe5 {is obviously senseless}) (17... Nxg5 $6 18. Bd6 $1 Ra5 $8 19. Bxe7 Rxb5 20. axb4 Re8 21. Qxa4 Rxe7 22. Qxb5 $16 {[%csl Gc7]}) (17... Bxg5 18. Bxg5 Ra5 {is a better version of the previous line for Black but White keeps the initiative anyway:} 19. Be7 Rxb5 20. Bxf8 Kxf8 21. Qxa4 Ra5 22. Qxb4+ Ke8 23. O-O Ra7 24. f3 Nef6 25. Qd6 $14 {[%csl Gc7] A.Korotylev}) 18. Nxe4 {[%emt 0:06:58]} Nxe4 {[%emt 0:00:45]} (18... dxe4 $142 $1 19. Nd6 Bxd6 20. Bxd6 b3 21. Bxf8 Kxf8 $44 {(A.Korotylev) , which is about to be the subject of further research.}) 19. f3 {[%emt 0:05:40]} Ra5 {[%emt 0:12:38]} ({RR} 19... Nc5 20. dxc5 bxc5 21. axb4 Qb7 22. Nc3 Qxb4 23. O-O a3 24. Rf2 Bf6 25. Rfc2 Bxc3 26. Rxc3 a2 27. Be5 c4 28. R3c2 f6 29. Bd4 Rc8 30. Qe2 e5 31. Ba1 Qc5 32. Kf1 Rxc7 33. e4 Ra3 34. exd5 {Babujian,L (2332)-Georgakopoulos,N (2153) Paleochora GRE 2025 1-0 (52)}) 20. fxe4 $146 {[%emt 0:02:08][%mdl 8] This improvement on the following game is quite obvious, especially as it had been already played in the similar position of the 8.h3 line (with White's pawn on h3), e.g. in Gyimesi-Vaganian (Germany 2006).} (20. Qe2 $6 Qd7 21. fxe4 Rc8 22. exd5 exd5 23. axb4 Rxb5 24. O-O Rxb4 25. Qa6 h6 26. Rc6 Bg5 27. Bxg5 hxg5 28. Rfc1 Rc4 29. R1xc4 dxc4 30. Qxb6 a3 31. Rxc4 a2 32. Qa5 Qe6 33. Qxa2 Rxc7 34. Qa8+ Kh7 35. Rxc7 Qxe3+ 36. Kf1 Qf4+ 37. Qf3 Qxc7 $11 {1/2 (40) Aronian,L (2795)-Adams,M (2753) Bilbao 2013}) ({RR} 20. Qe2 Qd7 21. fxe4 Rc8 22. exd5 exd5 23. axb4 Rxb5 24. O-O Rxb4 25. Qa6 h6 26. Rc6 Bg5 27. Bxg5 hxg5 28. Rfc1 Rc4 29. R1xc4 dxc4 30. Qxb6 a3 31. Rxc4 a2 32. Qa5 Qe6 33. Qxa2 Rxc7 34. Qa8+ Kh7 {Aronian,L (2795)-Adams,M (2753) Bilbao 2013 ½-½ (40)}) 20... Rxb5 {[%emt 0:00:24]} 21. Qxa4 {[%emt 0:00:56]} Ra5 {[%emt 0:00:07]} 22. Qc6 {[%emt 0:00:12]} bxa3 {[%emt 0:09:32] Black's a3-pawn looks formidable but it is far less dangerous than White's c7-pawn.} (22... dxe4 23. a4 $16 {[%csl Gc7]}) 23. exd5 {[%emt 0:03:43]} Rxd5 {[%emt 0:10:57]} (23... exd5 24. O-O {is hardly better. In some situations White can break in the centre by means of e3-e4.}) 24. Qxb6 {[%emt 0:08:48]} Qd7 {[%emt 0:06:37]} 25. O-O {[%emt 0:15:23]} (25. Qa6 $5 Qc8 (25... Rc8 26. Rb1 Rxc7 $8 27. Rb8+ Bd8 28. Bxc7 Qxc7 29. Rc8 Qe7 30. O-O $16) 26. Qc4 {A.Korotylev}) 25... Rc8 {[%emt 0:05:01] Black has blockaded White's passed pawn with a more appropriate piece but eliminating the "nail" is impossible.} 26. Rc6 $1 {[%emt 0:08:36]} g5 {[%emt 0:09:41] Perhaps it was better to do without this move:} (26... Bb4 27. Ra1 h6) 27. Bg3 {[%emt 0:00:42]} (27. Be5 $5 {A.Korotylev} {e.g.} Bb4 28. Qxb4 $5 Qxc6 29. Qe7 Rxe5 30. Qxf7+ Kh8 31. Qf6+ Kg8 32. dxe5 (32. Qxe5 $5 h6 33. Qf6 Rxc7 34. Qf8+ Kh7 35. Qxa3 {, and White should gradually win}) 32... Qxc7 33. Qxe6+ Kh8 34. Qf6+ Qg7 35. Qa6 Rg8 (35... Re8 36. Qxa3 Qxe5 37. Rf8+ Kg7 38. Rxe8 Qxe8) 36. Qxa3 Qxe5 37. h3 {, and Black is helpless as the queen endgame after the eventual exchange of rooks is winning for White.}) 27... Bb4 {[%emt 0:06:25]} 28. Ra1 {[%emt 0:13:45]} Ba5 $2 {[%emt 0:07:45] Black tries to get rid of the c7-pawn after all but this attempt fails. It was better to wait:} (28... g4 {In that case White could have continued weakening Black's position exploiting the e3-e4 threat, e.g.} 29. Be5 {etc. but his victory was still far away.}) 29. Qa6 {[%emt 0:01:23]} Bxc7 {[%emt 0:01:22]} (29... Bb4 $2 {was now hopeless due to} 30. Rb6 {[%cal Rb6b4,Ra6c8] , and otherwise Black just loses his a3-pawn.}) 30. Qc4 $1 {[%emt 0:04:21] A decisive pin.} e5 {[%emt 0:01:59]} 31. Bxe5 {[%emt 0:00:19]} Rxe5 {[%emt 0:00:10]} 32. dxe5 {[%emt 0:00:05]} Qe7 {[%emt 0:00:39]} 33. e6 {[%emt 0:06:09]} Kf8 {[%emt 0:01:12]} 34. Rc1 {[%emt 0:00:46]} 1-0

[Event "World-ch Carlsen-Anand +3-1=7"]
[Site "Sochi"]
[Date "2014.11.14"]
[Round "5"]
[White "Anand, Viswanathan"]
[Black "Carlsen, Magnus"]
[Result "1/2-1/2"]
[WhiteElo "2792"]
[BlackElo "2863"]
[Annotator "Wojtaszek,Radoslaw"]
[PlyCount "78"]
[EventDate "2014.11.08"]
[EventType "match"]
[EventRounds "12"]
[EventCountry "RUS"]
[SourceTitle "CBM 164"]
[Source "ChessBase"]
[SourceDate "2015.01.15"]
[SourceVersion "1"]
[SourceVersionDate "2015.01.15"]
[SourceQuality "1"]

1. d4 {[%emt 0:00:04]} Nf6 {[%emt 0:00:07]} 2. c4 {[%emt 0:00:05]} e6 {[%emt 0:00:05]} 3. Nf3 {[%emt 0:00:05]} b6 {[%emt 0:00:08] The Queen's Indian Defence didn't really come as a surprise to us. It was one of the openings we thought Magnus might be attracted to.} 4. g3 {[%emt 0:00:11]} Bb4+ {[%emt 0:00:09]} 5. Bd2 {[%emt 0:00:18]} Be7 {[%emt 0:00:12] This on the other hand is a very rare sideline. We didn't really pay too much attention to this line but still we made sure that Vishy knew some important details here.} 6. Nc3 {[%emt 0:01:19]} Bb7 {[%emt 0:00:09]} 7. Bg2 {[%emt 0:00:13]} c6 {[%emt 0:00:11]} 8. e4 $5 {[%emt 0:06:07] Probably the critical test for the whole line} (8. O-O d5 {would lead to positions which are mostly seen in the Catalan. It has to be said that Black is very solid here, so Vishy decided to choose a more active option.} 9. Ne5 O-O 10. Bf4 Nbd7 {is the mainline here but it's not easy to prove anything as White. Many games played by GM Tiviakov can be found here.}) 8... d5 {[%emt 0:00:37]} 9. exd5 $1 {[%emt 0:01:26]} (9. Qe2 dxc4 $1 (9... O-O $6 10. e5 $1) 10. O-O O-O 11. Rfd1 b5 {and I don't think White has enough compensation for the pawn here}) (9. e5 Ne4 $1 10. cxd5 cxd5 11. O-O O-O 12. Re1 Nxd2 13. Qxd2 Ba6 {and Black looks fine to me.}) 9... cxd5 {[%emt 0:00:09]} 10. Ne5 {[%emt 0:00:22]} O-O {[%emt 0:00:33]} 11. O-O {[%emt 0:00:48]} Nc6 {[%emt 0:00:22]} (11... Nbd7 $6 12. Re1 Rc8 13. Rc1 $14 {It's slightly better for White and also it's not easy to suggest a good move for Black here} Ba8 14. Bg5 $5 (14. cxd5 Nxe5 15. Rxe5 exd5 16. Bg5 $14) 14... h6 15. Bxf6 Nxf6 16. cxd5 Nxd5 17. Nxd5 exd5 18. Qa4 $14) 12. cxd5 $1 {[%emt 0:06:22] Only this one can pose any problems for Black.} (12. Bf4 Na5 13. Rc1 Rb8 $1 {the most precise} (13... dxc4 {this would be a natural reaction but I'm not entirely convinced it would be enough for equality} 14. Bxb7 Nxb7 15. Nxc4 Rc8 $1 (15... Na5 $6 16. Ne3 $1 (16. Nxa5 bxa5 17. Be5 Rc8 {with a balanced position}) 16... Rc8 17. d5 Bc5 18. dxe6 fxe6 19. Ng4 $1 {A very important resource, White is better thanks to his pawn structure}) 16. Nb5 (16. Ne3 Bb4) 16... Na5 $1 (16... a6 $4 17. Na7 Ra8 18. Nc6 $18) 17. Nxa5 Rxc1 18. Qxc1 bxa5 19. Nxa7 Qxd4 20. Nc6 Qd7 21. Rd1 Nd5 22. Rd4 {and despite the fact that probably Black is solid enough, White's position looks a bit more pleasant}) 14. Nd3 (14. cxd5 Nxd5 15. Nxd5 Bxd5 $11) 14... Rc8 (14... dxc4 $5 15. Bxb8 Bxg2 16. Kxg2 Qxb8 17. Ne5 Rd8 {and Black has decent compensation}) 15. cxd5 (15. c5 Nc6 $1) 15... Nxd5 16. Nxd5 Bxd5 17. Rxc8 Qxc8 18. Bxd5 exd5 19. Re1 Nc6 $11) 12... Nxe5 {[%emt 0:01:44]} 13. d6 $1 {[%emt 0:02:20] Of course that's the point of White's idea.} (13. dxe5 Nxd5 $11) 13... Nc6 {[%emt 0:00:24]} (13... Bxg2 $2 14. dxe7 Qxe7 15. dxe5 Bxf1 16. exf6 Qxf6 17. Qxf1 $14) 14. dxe7 {[%emt 0:00:59]} Qxe7 {[%emt 0:01:39]} 15. Bg5 {[%emt 0:00:18]} h6 {[%emt 0:01:05]} 16. d5 $1 {[%emt 0:03:20]} Na5 {[%emt 0:00:14]} (16... Rad8 $2 17. Bxf6 Qxf6 18. dxc6 Rxd1 19. Rfxd1 Bc8 20. Rac1 {and despite what engines are showing, practically speaking Black's position is very bad.}) 17. Bxf6 {[%emt 0:11:29]} Qxf6 {[%emt 0:00:37]} 18. dxe6 {[%emt 0:07:03]} Qxe6 $6 {[%emt 0:04:23]} (18... Bxg2 $5 {sacrificing a pawn was quite an interesting option but it has to be said that it works mainly thanks to tactical reasons} 19. exf7+ (19. Kxg2 Qxe6 20. Qf3 Rad8 {and the position is just equal}) 19... Qxf7 20. Kxg2 Nc4 21. Qb3 $5 (21. Qc2 Rad8 22. Rfd1 (22. Rad1 $6 Rd2 $3 23. Rxd2 Ne3+ 24. Kg1 Nxc2 25. Rxc2) 22... Qf3+ 23. Kg1 Rde8 {and Black's initiative is quite obvious}) (21. Qe2 Rae8 22. Ne4 Nxb2 $1 $11) 21... Rad8 22. Rae1 (22. Rad1 Rxd1 23. Nxd1 Rd8 24. Re1 Rd2 {and I believe here Black has enough compensation to make a comfortable draw}) 22... Rd2 23. Re2 Kh8 $1 24. Kg1 $1 (24. Rxd2 $2 Qf3+ $1 $19) 24... Rxe2 25. Nxe2 Nd2 26. Qxf7 Rxf7 27. Rc1 Nf3+ 28. Kg2 Nxh2 $1 {was the final point of Black's play.}) 19. Re1 {[%emt 0:01:48]} (19. Bxb7 $5 Nxb7 20. Qf3 Nc5 21. Rfe1 Qg6 22. Nd5 $14 {was also an interesting option. White's position is slightly better but it wouldn't be easy to increase the advantage. Vishy decided that a more complex continuation would give him more chances.}) 19... Qf6 {[%emt 0:01:08]} 20. Nd5 $1 {[%emt 0:17:18]} Bxd5 {[%emt 0:12:23]} (20... Qxb2 $6 21. Re2 $1 Qa3 22. Re3 Qb2 23. Rb1 $1 {and Black's position would be already quite difficult} Qxa2 24. Ra1 $1 Qc4 25. Rxa5 bxa5 26. Ne7+ Kh8 27. Bxb7 Rad8 28. Qf3 {and White has a very strong initiative.}) 21. Bxd5 {[%emt 0:01:00]} Rad8 {[%emt 0:02:09]} 22. Qf3 {[%emt 0:02:26]} Qxb2 {[%emt 0:11:06]} (22... Qxf3 23. Bxf3 $14 {is a typical position where the bishop is simply better than the knight.}) 23. Rad1 {[%emt 0:01:03]} Qf6 $1 {[%emt 0:13:01] A very practical decision. White has a very strong initiative which will be easier to handle in the endgame.} (23... Rd6 $2 24. Bxf7+ $1 Rxf7 25. Re8+ Kh7 26. Qxf7 Rxd1+ 27. Kg2 {and there is no good defence} Qf6 (27... Rd6 28. Qf5+ Rg6 29. Re6 $18) 28. Qg8+ Kg6 29. Re6 $18) 24. Qxf6 {[%emt 0:01:29]} gxf6 {[%emt 0:00:08]} 25. Re7 {[%emt 0:01:19]} Kg7 {[%emt 0:03:27] Till this point I think Vishy had played an excellent game but here he missed his chance to pose more problems for Black.} 26. Rxa7 $146 {[%emt 0:07:46]} (26. Rc7 $1 {stopping ...c6 was neccessary at first} a6 27. Kg2 $1 {another very important detail, now White has a xf7 threat} Kh8 $1 {is the best way to play for Black} (27... b5 $2 28. Bxf7 Rxd1 29. Bh5+ Kg8 30. Bxd1 {it's already very difficult}) 28. Bf3 Rxd1 29. Bxd1 Kg7 30. Ra7 $16 {and White eventually will take the pawn back without exchanging anything on the queenside. I don't know how big exactly are White's winning chances but it's clear that it would be very difficult for Black to defend it successfully.}) ({RR} 26. Kg2 a6 27. Bxf7 Nc6 28. Rxd8 Nxe7 29. Be8 b5 30. f4 Kg8 31. Kf3 a5 32. Ke4 a4 33. Ra8 b4 34. Kd3 b3 35. a3 f5 36. Kd2 Kg7 37. Kc1 Kg8 38. Kb2 {½-½ (38) Jarmula,L (2504)-Petrosyan,M (2581) Manavgat 2018}) 26... Nc6 {[%emt 0:00:55]} 27. Rb7 $6 {[%emt 0:09:28] This allows Black to exchange the last pawns on the queenside, so the weakness of the kingside doesn't matter any more.} (27. Ra4 {was the last chance to continue the game a bit} Rd7 $1 28. Bb3 Rxd1+ 29. Bxd1 Rd8 {and Black should hold this position fairly simply thanks to his active pieces.}) 27... Nb4 {[%emt 0:00:09]} 28. Bb3 {[%emt 0:00:07]} Rxd1+ {[%emt 0:00:05]} 29. Bxd1 {[%emt 0:00:07]} Nxa2 {[%emt 0:00:07]} 30. Rxb6 {[%emt 0:00:06]} Nc3 {[%emt 0:00:17]} 31. Bf3 {[%emt 0:00:10]} f5 {[%emt 0:00:14]} 32. Kg2 {[%emt 0:00:41]} Rd8 {[%emt 0:01:22]} 33. Rc6 {[%emt 0:01:35]} Ne4 {[%emt 0:00:08]} 34. Bxe4 {[%emt 0:00:08]} fxe4 {[%emt 0:00:04]} 35. Rc4 {[%emt 0:00:09]} f5 {[%emt 0:00:14]} 36. g4 {[%emt 0:00:14]} Rd2 {[%emt 0:00:34]} 37. gxf5 {[%emt 0:00:15]} e3 {[%emt 0:00:08]} 38. Re4 {[%emt 0:00:12]} Rxf2+ {[%emt 0:00:07]} 39. Kg3 {[%emt 0:00:04]} Rxf5 {[%emt 0:00:05]} 1/2-1/2